[Event "21st TCh-RUS 2014"]
[Site "Loo RUS"]
[Date "2014.04.08"]
[Round "2.2"]
[Board "4"]
[White "Matlakov, Maxim"]
[Black "Volokitin, Andrei"]
[Result "1/2-1/2"]
[WhiteTitle "GM"]
[BlackTitle "GM"]
[WhiteElo "2690"]
[BlackElo "2647"]
[WhiteTeam "St. Petersburg"]
[BlackTeam "Rook (Kazan)"]
[WhiteFideId "4168003"]
[BlackFideId "14107090"]
[EventDate "2014.04.07"]

1. Nf3 Nf6 2. c4 g6 3. Nc3 d5 4. cxd5 Nxd5 5. g3 Bg7 6. Bg2 O-O 7. O-O c5 8.
Nxd5 Qxd5 9. d4 cxd4 10. Be3 Qb5 11. Nxd4 Qxb2 12. Bd5 Nd7 13. Rb1 Qa3 14. Bxb7
Bxb7 15. Rxb7 Nb6 16. Qb3 Qxb3 17. Nxb3 Rfb8 18. Rxe7 Nd5 19. Rd7 Nc3 20. Bxa7
Nxe2+ 21. Kg2 Rd8 22. Rb7 Nc3 23. Re1 Bf8 24. Rc1 Nb5 25. Bc5 Nd6 26. Bxd6 Rxd6
27. Rcc7 Rxa2 28. Rxf7 Rb2 29. Nc5 Rxb7 30. Rxb7 Rf6 31. Rb8 Rd6 32. Ne4 Re6 33.
f3 h6 34. h4 Kf7 35. g4 Be7 36. Rb7 Rc6 37. Kg3 Ke6 38. h5 gxh5 39. gxh5 Kf7 40.
Kg4 Rc1 41. Rb6 Bf8 42. Kf5 Bg7 43. Rb7+ Kg8 44. f4 Ra1 45. Nd6 Re1 46. Rb8+ Kh7
47. Rb7 Kg8 48. Ra7 Re2 49. Ne4 Rh2 50. Nf6+ Kf8 51. Ra8+ Kf7 52. Ra7+ Kf8 53.
Ne4 Kg8 54. Ra3 Kf7 55. Ra7+ 1/2-1/2

[Event "21st TCh-RUS 2014"]
[Site "Loo RUS"]
[Date "2014.04.08"]
[Round "2.2"]
[Board "6"]
[White "Shimanov, Aleksandr"]
[Black "Makhmutov, Rail"]
[Result "1-0"]
[WhiteTitle "GM"]
[BlackTitle "FM"]
[WhiteElo "2637"]
[BlackElo "2414"]
[WhiteTeam "St. Petersburg"]
[BlackTeam "Rook (Kazan)"]
[WhiteFideId "4198603"]
[BlackFideId "4122151"]
[EventDate "2014.04.07"]

1. Nf3 Nf6 2. g3 d5 3. Bg2 c6 4. O-O Bg4 5. c4 e6 6. cxd5 Bxf3 7. Bxf3 cxd5 8.
Nc3 Nc6 9. d4 Be7 10. e3 O-O 11. Bd2 Rc8 12. Qe2 Na5 13. Rfd1 Nc4 14. Be1 Nd6
15. Bg2 Nfe4 16. Nxe4 Nxe4 17. f3 Nf6 18. Qb5 Qc7 19. Ba5 Qb8 20. Qb3 Rc6 21.
Bf1 a6 22. Rac1 Rxc1 23. Rxc1 Rc8 24. Rc3 g6 25. a4 Bd6 26. Kg2 Kg7 27. Qb6 Rxc3
28. bxc3 Nd7 29. Qd8 Qxd8 30. Bxd8 f6 31. c4 dxc4 32. Bxc4 Kf7 33. Ba5 Ke7 34.
h4 Nb8 35. f4 Nc6 36. Bb6 Nb4 37. e4 Kd7 38. Kf3 Be7 39. g4 h6 40. Ba5 Bf8 41.
e5 fxe5 42. dxe5 Nc6 43. Bc3 Bc5 44. Ke4 Bf2 45. h5 gxh5 46. f5 Nd8 47. gxh5
exf5+ 48. Kxf5 Be3 49. e6+ Ke8 50. Bd5 Nc6 51. Bxc6+ bxc6 52. Ke5 c5 53. Kd5 Ke7
54. Be5 c4 55. Bd6+ Kf6 56. e7 Kf7 57. Kxc4 a5 58. Kb5 Bd2 59. Kc6 Ke8 60. Bc5
Bc3 61. Kd5 Bf6 62. Ba3 Bg5 63. Bd6 Bf6 64. Bf4 Bxe7 65. Bxh6 Kf7 66. Bd2 Bd8
67. Kc6 Kg7 68. Kb5 Kh7 69. Bxa5 Bg5 70. Bb4 Bd8 71. Bd2 1-0

[Event "21st TCh-RUS 2014"]
[Site "Loo RUS"]
[Date "2014.04.08"]
[Round "2.3"]
[Board "2"]
[White "Alekseev, Evgeny"]
[Black "Tomashevsky, Evgeny"]
[Result "0-1"]
[WhiteTitle "GM"]
[BlackTitle "GM"]
[WhiteElo "2678"]
[BlackElo "2697"]
[WhiteTeam "University (Belorechensk)"]
[BlackTeam "Yugra (KhMAO)"]
[WhiteFideId "4138147"]
[BlackFideId "4147235"]
[EventDate "2014.04.07"]

1. e4 e5 2. Nf3 Nc6 3. Bb5 a6 4. Ba4 Nf6 5. d3 Bc5 6. c3 d6 7. O-O Ba7 8. Re1
O-O 9. h3 Ne7 10. Nbd2 Ng6 11. Nf1 c6 12. Ng3 d5 13. Bb3 dxe4 14. dxe4 Qxd1 15.
Rxd1 h6 16. Bc2 Be6 17. b3 Rad8 18. Bb2 Bb8 19. Nf5 Rfe8 20. c4 Nf4 21. Ne3 Nd7
22. h4 Bc7 23. g3 Nh5 24. Rd2 Bb6 25. Re2 Nhf6 26. Kg2 Nc5 27. Nf1 Bg4 28. N1h2
Nd3 29. Bxd3 Rxd3 30. Rc1 Bc5 31. Rc3 Rd1 32. Rc1 Rd3 33. Rc3 Rd6 34. Rcc2 Bh5
35. Bxe5 Rde6 36. Bxf6 gxf6 37. Rcd2 Bg6 38. Rd7 Bxe4 39. Red2 b5 40. Rd8 Kg7
41. Rxe8 Rxe8 42. Nf1 h5 43. Ne3 f5 44. Rd7 bxc4 45. bxc4 Rb8 46. Nd1 Kf6 47.
Rd2 Bb4 48. Rb2 Rd8 49. Ne3 a5 50. Nf1 Rd3 51. Nh2 Ra3 52. Re2 a4 53. Rb2 c5 54.
Re2 Rd3 55. Re3 Rxe3 56. fxe3 Bb1 0-1

[Event "21st TCh-RUS 2014"]
[Site "Loo RUS"]
[Date "2014.04.08"]
[Round "2.3"]
[Board "3"]
[White "Inarkiev, Ernesto"]
[Black "Kobalia, Mikhail"]
[Result "1/2-1/2"]
[WhiteTitle "GM"]
[BlackTitle "GM"]
[WhiteElo "2691"]
[BlackElo "2633"]
[WhiteTeam "Yugra (KhMAO)"]
[BlackTeam "University (Belorechensk)"]
[WhiteFideId "4162722"]
[BlackFideId "4119150"]
[EventDate "2014.04.07"]

1. d4 d5 2. c4 c6 3. Nf3 Nf6 4. e3 Bf5 5. Nc3 e6 6. Nh4 Be4 7. f3 Bg6 8. g3 Nbd7
9. Nxg6 hxg6 10. Kf2 Be7 11. Kg2 O-O 12. cxd5 cxd5 13. Bd3 Rc8 14. Bd2 Nb6 15.
b3 Nbd7 16. a3 e5 17. Re1 Re8 18. b4 Bf8 19. Qb3 Nb6 20. Rad1 Nc4 21. Bc1 exd4
22. exd4 Rxe1 23. Rxe1 a6 24. Bg5 b5 25. Rd1 Qb6 26. Bf1 Qe6 27. Ne2 Re8 28. Rd3
Ra8 29. Nc3 Qc6 30. Be2 a5 31. Bxf6 gxf6 32. f4 axb4 33. axb4 Ra3 34. Qb1 Nd2
35. Rxd2 Qxc3 36. Rd3 Qxb4 37. Qxb4 Bxb4 38. Rxa3 Bxa3 39. Bxb5 Bb2 40. Bc6 Bxd4
41. Bxd5 1/2-1/2

[Event "21st TCh-RUS 2014"]
[Site "Loo RUS"]
[Date "2014.04.08"]
[Round "2.3"]
[Board "4"]
[White "Landa, Konstantin"]
[Black "Khismatullin, Denis"]
[Result "1-0"]
[WhiteTitle "GM"]
[BlackTitle "GM"]
[WhiteElo "2639"]
[BlackElo "2681"]
[WhiteTeam "University (Belorechensk)"]
[BlackTeam "Yugra (KhMAO)"]
[WhiteFideId "4101685"]
[BlackFideId "4142578"]
[EventDate "2014.04.07"]

1. d4 Nf6 2. g3 d5 3. Bg2 c6 4. Nf3 Bf5 5. c4 e6 6. Nc3 Nbd7 7. Qb3 Qb6 8. c5
Qa6 9. Bf1 Be4 10. Nxe4 Nxe4 11. Nd2 Nxd2 12. Bxd2 b6 13. e4 Qb7 14. exd5 exd5
15. O-O-O Be7 16. Re1 Nf6 17. cxb6 O-O 18. Rxe7 Qxe7 19. b7 Rab8 20. Ba6 Ne4 21.
Re1 Qf6 22. Bf4 g5 23. Bxb8 Rxb8 24. f3 Nd6 25. Re5 h6 26. Qb4 Qd8 27. a4 Kg7
28. Kb1 Qf6 29. Ka2 Qd8 30. h4 gxh4 31. gxh4 Qc7 32. Qe1 Qb6 33. Qg3+ Kf8 34.
Qf4 Kg7 35. Rh5 f6 36. Rxh6 Qd8 37. h5 Ne8 38. Qg4+ Kf8 39. Qe6 1-0

[Event "21st TCh-RUS 2014"]
[Site "Loo RUS"]
[Date "2014.04.08"]
[Round "2.3"]
[Board "5"]
[White "Rublevsky, Sergei"]
[Black "Tregubov, Pavel V."]
[Result "1/2-1/2"]
[WhiteTitle "GM"]
[BlackTitle "GM"]
[WhiteElo "2706"]
[BlackElo "2620"]
[WhiteTeam "Yugra (KhMAO)"]
[BlackTeam "University (Belorechensk)"]
[WhiteFideId "4115309"]
[BlackFideId "4115341"]
[EventDate "2014.04.07"]

1. e4 c5 2. Nf3 e6 3. d4 cxd4 4. Nxd4 Nc6 5. Nc3 Nf6 6. Be2 Bb4 7. O-O Bxc3 8.
bxc3 Nxe4 9. Bd3 d5 10. Nxc6 bxc6 11. Ba3 c5 12. Bxe4 dxe4 13. Bxc5 Ba6 14. Re1
Qxd1 15. Raxd1 Rc8 16. Bb4 Bb7 17. Rd6 Bc6 18. h4 O-O 19. Rxc6 Rxc6 20. Bxf8
Kxf8 21. Rxe4 Rxc3 22. Ra4 Rxc2 23. Rxa7 h5 24. g3 e5 25. a4 Ra2 26. Ra5 g6 27.
Rxe5 Rxa4 28. Kg2 Kg7 29. Re7 Ra2 30. Rb7 Rc2 31. Kg1 Kg8 32. Kg2 Kg7 33. Kg1
Kg8 34. Kg2 Kg7 1/2-1/2

[Event "21st TCh-RUS 2014"]
[Site "Loo RUS"]
[Date "2014.04.08"]
[Round "2.3"]
[Board "6"]
[White "Aleksandrov, Aleksej"]
[Black "Riazantsev, Alexander"]
[Result "1/2-1/2"]
[WhiteTitle "GM"]
[BlackTitle "GM"]
[WhiteElo "2539"]
[BlackElo "2688"]
[WhiteTeam "University (Belorechensk)"]
[BlackTeam "Yugra (KhMAO)"]
[WhiteFideId "13500139"]
[BlackFideId "4125029"]
[EventDate "2014.04.07"]

1. c4 e6 2. Nc3 Nf6 3. e4 d5 4. e5 d4 5. exf6 dxc3 6. bxc3 Qxf6 7. Nf3 b6 8. d4
Bb7 9. Bd3 Bxf3 10. gxf3 Nd7 11. Be3 Bd6 12. Rg1 h6 13. f4 Rd8 14. Qg4 g6 15.
Ke2 c5 16. Rad1 Kf8 17. Kf1 Qe7 18. f5 exf5 19. Bxf5 Nf6 20. Qg2 Nh5 21. Qf3 Qf6
22. dxc5 bxc5 23. Bg4 Qxf3 24. Bxf3 Ke7 25. Bxh5 gxh5 26. Rd5 Bxh2 27. Rh1 Rxd5
28. cxd5 Be5 29. Bxc5+ Kd7 30. Rxh5 Bxc3 31. Rh3 Ba5 32. Bxa7 Bd2 33. Rf3 Kd6
34. Rxf7 Ra8 35. a4 Kxd5 36. Rd7+ Kc4 37. Rxd2 Rxa7 38. Rc2+ Kd3 39. Ra2 Ra5 40.
Kg2 Ke4 41. Kg3 Rg5+ 42. Kh4 Ra5 43. Ra3 Kf4 44. Kh3 Rh5+ 45. Kg2 Ra5 46. Kf1 h5
47. Kg2 Kg4 48. Ra1 Kf4 49. Kh3 Kf3 50. Ra2 Kf4 51. Ra3 Kg5 52. Kg3 Kf5 53. Kf3
Ke5 54. Re3+ Kf5 55. Re4 Rc5 56. Re8 Ra5 57. Re4 Rc5 58. Re1 Ra5 59. Ra1 Ke5 60.
Kg3 Kf5 61. Kh4 Kf4 62. Ra3 Ke4 63. Kg3 Kf5 1/2-1/2

[Event "21st TCh-RUS 2014"]
[Site "Loo RUS"]
[Date "2014.04.08"]
[Round "2.4"]
[Board "1"]
[White "Smirnov, Pavel"]
[Black "Grishchenko, Sergey1"]
[Result "1-0"]
[WhiteTitle "GM"]
[BlackTitle "FM"]
[WhiteElo "2624"]
[BlackElo "2436"]
[WhiteTeam "Polytechnic (Nizhny Tagil)"]
[BlackTeam "Atom (Desnogorsk)"]
[WhiteFideId "4123425"]
[BlackFideId "4136730"]
[EventDate "2014.04.07"]

1. d4 d5 2. c4 e6 3. Nf3 Nf6 4. Nc3 Be7 5. Bf4 O-O 6. e3 a6 7. Qc2 Nbd7 8. c5 b6
9. b4 a5 10. c6 axb4 11. Nb5 Nb8 12. Bxc7 Qe8 13. Bxb8 Rxb8 14. Bd3 Ba6 15. Ne5
Bxb5 16. Bxb5 Qc8 17. O-O Qc7 18. Rab1 Ne4 19. Bd3 Ra8 20. Bxe4 dxe4 21. Nd7
Rfc8 22. Rfc1 Ra6 23. Qxe4 Bd6 24. Rc2 Bxh2+ 25. Kf1 Bd6 26. Rd1 h6 27. d5 exd5
28. Rxd5 b5 29. Qg4 Kh8 30. Rf5 f6 31. Nxf6 gxf6 32. Rxf6 Bf8 33. Rg6 Kh7 34.
Qf5 Kh8 35. Qg4 Kh7 36. Rg8 Rxc6 37. Rxf8 Rxf8 38. Qe4+ Kg7 39. Rxc6 Qf7 40. Qh4
Kg8 41. Qg3+ 1-0

[Event "21st TCh-RUS 2014"]
[Site "Loo RUS"]
[Date "2014.04.08"]
[Round "2.4"]
[Board "2"]
[White "Baghdasaryan, Vahe"]
[Black "Shomoev, Anton"]
[Result "0-1"]
[WhiteTitle "IM"]
[BlackTitle "GM"]
[WhiteElo "2359"]
[BlackElo "2587"]
[WhiteTeam "Atom (Desnogorsk)"]
[BlackTeam "Polytechnic (Nizhny Tagil)"]
[WhiteFideId "13303139"]
[BlackFideId "4135148"]
[EventDate "2014.04.07"]

1. e4 c5 2. Nf3 d6 3. d4 cxd4 4. Nxd4 Nf6 5. Nc3 a6 6. h3 e6 7. g4 h6 8. Bg2 Qc7
9. O-O Nc6 10. Be3 g5 11. Nxc6 bxc6 12. e5 dxe5 13. Qf3 Nd5 14. Nxd5 cxd5 15. c4
e4 16. Qd1 Qxc4 17. Bd4 Rg8 18. Re1 Bd7 19. Re3 Bd6 20. Bf6 Rg6 21. Rc1 Qxa2 22.
Bxe4 Rxf6 23. Bxd5 Qxb2 24. Rc2 Qb4 25. Bxa8 Qf4 26. Rb3 Bb5 27. Rxb5 axb5 28.
Qd3 Kf8 29. Bg2 b4 30. Kf1 Kg7 31. Kg1 Bc5 32. Qe2 Bd4 0-1

[Event "21st TCh-RUS 2014"]
[Site "Loo RUS"]
[Date "2014.04.08"]
[Round "2.4"]
[Board "3"]
[White "Kokarev, Dmitry"]
[Black "Simonian, Tigran"]
[Result "1-0"]
[WhiteTitle "GM"]
[BlackTitle "IM"]
[WhiteElo "2621"]
[BlackElo "2427"]
[WhiteTeam "Polytechnic (Nizhny Tagil)"]
[BlackTeam "Atom (Desnogorsk)"]
[WhiteFideId "4132181"]
[BlackFideId "13303597"]
[EventDate "2014.04.07"]

1. e4 c5 2. Nf3 Nc6 3. d4 cxd4 4. Nxd4 Nf6 5. Nc3 e5 6. Ndb5 d6 7. Bg5 a6 8. Na3
b5 9. Bxf6 gxf6 10. Nd5 Bg7 11. Bd3 Ne7 12. Nxe7 Qxe7 13. O-O O-O 14. c4 f5 15.
Qh5 Rb8 16. exf5 e4 17. Rae1 Bb7 18. Qg4 Kh8 19. Bxe4 Rfe8 20. Bd3 Qxe1 21. f6
Bh6 22. Qh5 Qd2 23. Qf5 Be4 24. Bxe4 Rxe4 25. Qxe4 Qxb2 26. Qd3 b4 27. Nc2 Qxf6
28. Rb1 a5 29. a3 Qe5 30. axb4 axb4 31. g3 Bg7 32. Rb3 Qc5 33. Kg2 Qc6+ 34. Qf3
Qxf3+ 35. Kxf3 Bc3 36. Ke4 Kg7 37. Ne3 Kg6 38. Nd5 Be1 39. f3 Ra8 40. Rb1 f5+
41. Kd3 Ra3+ 42. Ke2 Bc3 43. Nxb4 Bxb4 44. Rxb4 f4 45. Rb6 Ra2+ 46. Kd3 Kf5 47.
g4+ Ke6 48. h4 Ra3+ 49. Ke4 Ra4 50. Kxf4 h6 51. Rb5 Rxc4+ 52. Kg3 d5 53. Rb6+
Ke5 54. Rxh6 d4 55. Rh5+ Ke6 56. Kf4 d3+ 57. Ke3 Rd4 58. Kd2 Rf4 59. Rf5 1-0

[Event "21st TCh-RUS 2014"]
[Site "Loo RUS"]
[Date "2014.04.08"]
[Round "2.4"]
[Board "4"]
[White "Shahinyan, David"]
[Black "Maletin, Pavel"]
[Result "1/2-1/2"]
[WhiteTitle "FM"]
[BlackTitle "GM"]
[WhiteElo "2362"]
[BlackElo "2582"]
[WhiteTeam "Atom (Desnogorsk)"]
[BlackTeam "Polytechnic (Nizhny Tagil)"]
[WhiteFideId "13304380"]
[BlackFideId "4146786"]
[EventDate "2014.04.07"]

1. e4 c5 2. Nc3 Nc6 3. g3 g6 4. Bg2 Bg7 5. d3 d6 6. Be3 Rb8 7. Qd2 b5 8. Nge2
Nd4 9. O-O b4 10. Nd1 Qb6 11. Nc1 Nf6 12. c3 bxc3 13. bxc3 Nc6 14. Bh6 O-O 15.
Bxg7 Kxg7 16. Ne3 a5 17. Ne2 Qb2 18. Rfd1 Qxd2 19. Rxd2 Ba6 20. f4 Rfc8 21. Kf2
Rb6 22. Nd5 Nxd5 23. exd5 Nb8 24. c4 Rc7 25. Nc3 Rcb7 26. Re1 Rb2 27. Rxb2 Rxb2+
28. Re2 Rxe2+ 29. Kxe2 Nd7 30. Bh3 Nb6 31. Kd2 f5 32. Kc2 Bc8 33. Kb3 Bd7 34.
Bg2 Kf6 35. Bf3 g5 36. Ka3 gxf4 37. gxf4 Be8 38. Kb3 Kg6 39. Kc2 Kf6 40. Kd2 Kg6
41. Ke3 1/2-1/2

[Event "21st TCh-RUS 2014"]
[Site "Loo RUS"]
[Date "2014.04.08"]
[Round "2.4"]
[Board "5"]
[White "Vokarev, Sergey"]
[Black "Pogosian, Georgy"]
[Result "1/2-1/2"]
[WhiteTitle "GM"]
[BlackTitle "FM"]
[WhiteElo "2468"]
[BlackElo "2241"]
[WhiteTeam "Polytechnic (Nizhny Tagil)"]
[BlackTeam "Atom (Desnogorsk)"]
[WhiteFideId "4119711"]
[BlackFideId "4119088"]
[EventDate "2014.04.07"]

1. e4 e6 2. d4 d5 3. exd5 exd5 4. Nf3 Nf6 5. Bd3 Bd6 6. O-O O-O 7. Bg5 Bg4 8.
Nbd2 Nbd7 9. c4 c6 10. c5 Be7 11. Re1 Re8 12. Qc2 h6 13. Bf4 Nh5 14. Be3 Qc7 15.
Bh7+ Kh8 16. Bf5 Nhf6 17. h3 Bxf5 18. Qxf5 g6 19. Qd3 Bf8 20. g3 Bg7 21. Bf4 Qa5
22. a3 Kh7 23. Ne5 Nxe5 24. Bxe5 Nd7 25. Bxg7 Kxg7 26. Nf3 Nf6 27. Ne5 Re7 28.
Kg2 Rae8 29. Re3 Qc7 30. Rae1 a6 31. b4 Nd7 32. Qc3 Nxe5 33. dxe5 Kg8 34. f4 Qd7
35. Qd4 h5 36. R1e2 Qf5 37. a4 Re6 38. b5 axb5 39. axb5 R8e7 40. Ra2 Kh7 41. b6
Re8 42. Qd3 Qxd3 43. Rxd3 f6 44. Ra7 R8e7 45. exf6 Rxf6 46. Ra8 g5 47. Rd4 Re3
48. Rc8 Rf7 49. Rc7 Kg6 50. Ra4 Ree7 51. Rxe7 Rxe7 52. Kf3 gxf4 53. Kxf4 Kf6 54.
g4 hxg4 55. hxg4 Kg6 56. Ra8 Re4+ 57. Kf3 Rc4 58. Rg8+ Kf6 59. Rf8+ Kg6 60. Rb8
Rxc5 61. Rxb7 Rb5 62. Kf4 d4 63. Ke4 c5 64. Rb8 Rb1 65. b7 Kg7 66. Kd5 d3 67.
Kc6 c4 68. Rd8 c3 69. Rd7+ Kg6 70. Rxd3 c2 71. Rc3 c1=Q 72. Rxc1 Rxc1+ 73. Kd7
Rb1 1/2-1/2

[Event "21st TCh-RUS 2014"]
[Site "Loo RUS"]
[Date "2014.04.08"]
[Round "2.4"]
[Board "6"]
[White "Parfenov, Viktor N."]
[Black "Pogromsky, Mikhail"]
[Result "0-1"]
[BlackTitle "IM"]
[WhiteElo "2194"]
[BlackElo "2418"]
[WhiteTeam "Atom (Desnogorsk)"]
[BlackTeam "Polytechnic (Nizhny Tagil)"]
[WhiteFideId "4165969"]
[BlackFideId "4184688"]
[EventDate "2014.04.07"]

1. e4 c5 2. c3 d5 3. exd5 Qxd5 4. d4 g6 5. Nf3 Bg7 6. Na3 cxd4 7. Bc4 Qe4+ 8.
Be3 Nh6 9. cxd4 O-O 10. Qb3 Nc6 11. Bd5 Qf5 12. O-O Rd8 13. Bxc6 bxc6 14. Rfc1
Be6 15. Qc2 Qh5 16. Nc4 Bd5 17. Nce5 Rac8 18. Qa4 Ng4 19. Bf4 Qf5 20. Bg3 Nxe5
21. Nxe5 f6 22. Nc4 Qe4 23. Ne3 Bh6 24. Qc2 Qxd4 25. Rd1 Qb4 26. Rd3 Be4 27.
Qb3+ Qxb3 28. Rxb3 Rd7 29. f3 Bd5 30. Rd3 e6 31. Rc1 Re8 32. Bf2 Ree7 33. b3 e5
34. Rcd1 Be6 35. Rxd7 Rxd7 36. Rxd7 Bxd7 37. Nc4 a6 38. Na5 Kf7 39. Nb7 Bf8 40.
Nc5 Bc8 41. b4 Bh6 42. Be1 Be3+ 43. Kf1 Be6 44. Ke2 Bxc5 45. bxc5 Bxa2 46. Kd3
Ke6 47. Kc3 Kd5 48. Kb4 Kd4 0-1

[Event "21st TCh-RUS 2014"]
[Site "Loo RUS"]
[Date "2014.04.08"]
[Round "2.5"]
[Board "1"]
[White "Chekhov, Sergei"]
[Black "Sjugirov, Sanan"]
[Result "0-1"]
[WhiteTitle "IM"]
[BlackTitle "GM"]
[WhiteElo "2477"]
[BlackElo "2653"]
[WhiteTeam "Turbopump (Voronezh region)"]
[BlackTeam "Lada (Samara region)"]
[WhiteFideId "4195639"]
[BlackFideId "4189302"]
[EventDate "2014.04.07"]

1. e4 c5 2. c3 Nf6 3. e5 Nd5 4. d4 cxd4 5. Nf3 e6 6. cxd4 d6 7. Nc3 Nxc3 8. bxc3
Qc7 9. Bd2 Nd7 10. Ng5 h6 11. exd6 Qc6 12. Qh5 g6 13. Qh3 Bg7 14. Nf3 e5 15. Be2
e4 16. Qh4 O-O 17. Ne5 Nxe5 18. dxe5 Bxe5 19. Qxh6 Qxd6 20. Qe3 Rd8 21. h4 Qf6
22. Rc1 Be6 23. g3 Rd6 24. c4 Rad8 25. Bb4 Bd4 26. Qf4 Qxf4 27. gxf4 Ra6 28. Rc2
Rb6 29. a3 a5 30. Bd2 Rb3 31. Bc1 Bh3 32. Bd1 Rd3 33. Bd2 Bg2 34. Rh2 Bf3 35.
Bxf3 exf3 36. Rh3 Rxa3 37. f5 Ra1+ 38. Bc1 Bb2 39. fxg6 fxg6 40. Rxf3 Rxc1+ 0-1

[Event "21st TCh-RUS 2014"]
[Site "Loo RUS"]
[Date "2014.04.08"]
[Round "2.5"]
[Board "2"]
[White "Bukavshin, Ivan"]
[Black "Oparin, Grigoriy"]
[Result "1/2-1/2"]
[WhiteTitle "GM"]
[BlackTitle "GM"]
[WhiteElo "2608"]
[BlackElo "2542"]
[WhiteTeam "Lada (Samara region)"]
[BlackTeam "Turbopump (Voronezh region)"]
[WhiteFideId "4199758"]
[BlackFideId "24125890"]
[EventDate "2014.04.07"]

1. d4 Nf6 2. c4 e6 3. Nf3 d5 4. Nc3 Be7 5. Bg5 h6 6. Bh4 O-O 7. e3 b6 8. Be2 Bb7
9. Bxf6 Bxf6 10. cxd5 exd5 11. O-O Nd7 12. b4 c6 13. Qb3 Re8 14. b5 c5 15. Nxd5
cxd4 16. Nxf6+ Qxf6 17. Nxd4 Ne5 18. Rac1 Rac8 19. Qa3 Bd5 20. Rxc8 Rxc8 21. Rc1
Rxc1+ 22. Qxc1 Qg6 23. f3 Bxa2 24. Nc6 Nxc6 25. bxc6 Be6 26. Ba6 Bh3 27. g3 b5
28. Bb7 Bf5 29. e4 Bh3 30. g4 Bxg4 31. fxg4 Qxg4+ 32. Kf2 Qh4+ 33. Kf3 Qh3+ 34.
Ke2 Qxh2+ 35. Kd3 Qd6+ 36. Ke2 Qh2+ 37. Kd3 Qd6+ 38. Kc3 Qc5+ 39. Kb2 Qb4+ 40.
Ka2 Qa4+ 41. Kb2 Qb4+ 42. Kc2 Qxe4+ 43. Kd1 Qh1+ 44. Kd2 Qd5+ 45. Ke2 Qg2+ 46.
Ke1 Qh1+ 47. Kd2 Qd5+ 48. Kc3 Qc4+ 49. Kb2 Qb4+ 50. Ka2 Qa4+ 51. Kb1 Qb3+ 52.
Qb2 Qd1+ 53. Ka2 Qa4+ 54. Qa3 Qc2+ 55. Ka1 Qd1+ 56. Kb2 Qd2+ 57. Kb3 Qd3+ 58.
Ka2 Qc2+ 59. Qb2 Qa4+ 60. Qa3 1/2-1/2

[Event "21st TCh-RUS 2014"]
[Site "Loo RUS"]
[Date "2014.04.08"]
[Round "2.5"]
[Board "3"]
[White "Sivuk, Vitaly"]
[Black "Frolyanov, Dmitry"]
[Result "0-1"]
[WhiteTitle "IM"]
[BlackTitle "GM"]
[WhiteElo "2519"]
[BlackElo "2578"]
[WhiteTeam "Turbopump (Voronezh region)"]
[BlackTeam "Lada (Samara region)"]
[WhiteFideId "14116502"]
[BlackFideId "4151976"]
[EventDate "2014.04.07"]

1. e4 c5 2. Nf3 Nc6 3. Bb5 g6 4. Bxc6 bxc6 5. O-O Bg7 6. Re1 Nh6 7. c3 O-O 8. d4
cxd4 9. cxd4 d5 10. e5 f6 11. h3 fxe5 12. Nxe5 Qb6 13. b3 Nf7 14. Nf3 e5 15. Ba3
e4 16. Bc5 Qd8 17. Nh2 Qg5 18. Qc1 Re8 19. Nc3 Ba6 20. Ng4 h5 21. Ne3 Qf6 22. b4
Nd6 23. Qa3 Bd3 24. b5 Nxb5 25. Nxb5 Bxb5 26. Rab1 Qf7 27. Qa5 Bd3 28. Rb3 Reb8
29. Rc1 Rxb3 30. axb3 Qd7 31. Qb4 Kh7 32. Ra1 a6 33. Qc3 Rb8 34. Rc1 Rb7 35. Ra1
Qe6 36. Ra2 Rf7 37. Qe1 Qf6 38. Qb4 Bb5 39. Rd2 Bh6 40. Bd6 Bxe3 41. fxe3 Qf1+
42. Kh2 Qe1 43. Be5 Qxe3 44. Rd1 Qg5 45. Re1 Qe7 46. Qd2 Rf5 47. Qc3 Qf7 48. Qg3
Qe7 49. h4 g5 50. hxg5 Qxg5 51. Qh3 h4 52. Re3 Kg6 53. Rc3 Kf7 54. Kg1 Ke7 55.
Kh2 Kd7 56. b4 Bd3 57. Ra3 Kc8 58. Rc3 Kb7 59. Ra3 Kb6 60. Bd6 Rf2 61. Ra1 e3
62. b5 Be4 63. Bc5+ Kxb5 0-1

[Event "21st TCh-RUS 2014"]
[Site "Loo RUS"]
[Date "2014.04.08"]
[Round "2.5"]
[Board "4"]
[White "Yakovich, Yuri"]
[Black "Bortnyk, Olexandr"]
[Result "0-1"]
[WhiteTitle "GM"]
[BlackTitle "IM"]
[WhiteElo "2539"]
[BlackElo "2495"]
[WhiteTeam "Lada (Samara region)"]
[BlackTeam "Turbopump (Voronezh region)"]
[WhiteFideId "4100654"]
[BlackFideId "14120828"]
[EventDate "2014.04.07"]

1. d4 d6 2. e4 Nf6 3. Nc3 e5 4. Nf3 Nbd7 5. Bc4 Be7 6. O-O O-O 7. a4 c6 8. Re1
a5 9. h3 h6 10. Be3 Re8 11. Ba2 Bf8 12. Nh4 d5 13. exd5 Nxd5 14. Nxd5 cxd5 15.
Nf5 Nb6 16. Ng3 Nxa4 17. dxe5 Nxb2 18. Qxd5 Qxd5 19. Bxd5 Rxe5 20. Be4 Nc4 21.
Bd4 Rg5 22. Bf3 a4 23. Re8 Rga5 24. Bc3 Bd7 25. Rxa8 Rxa8 26. Bxb7 Rb8 27. Be4
Na3 28. Ne2 Rc8 29. Bd3 g6 30. Kf1 Bb5 31. Ra2 Bxd3 32. cxd3 Nb5 33. Ba1 a3 34.
Ke1 Re8 35. Kd1 Bg7 36. Nc1 Bc3 37. Kc2 Bxa1 38. Rxa1 Re1 39. Kd2 Rf1 40. Ke3 a2
41. d4 Rd1 42. d5 Kf8 43. d6 Ke8 44. Ke2 Nc3+ 45. Ke3 f5 46. g3 Kd7 47. h4 Kxd6
48. Rxa2 Nd5+ 49. Kf3 Rxc1 0-1

[Event "21st TCh-RUS 2014"]
[Site "Loo RUS"]
[Date "2014.04.08"]
[Round "2.5"]
[Board "5"]
[White "Demidov, Mikhail"]
[Black "Geller, Jakov"]
[Result "0-1"]
[WhiteTitle "IM"]
[BlackTitle "GM"]
[WhiteElo "2498"]
[BlackElo "2504"]
[WhiteTeam "Turbopump (Voronezh region)"]
[BlackTeam "Lada (Samara region)"]
[WhiteFideId "4197143"]
[BlackFideId "4151984"]
[EventDate "2014.04.07"]

1. Nf3 d5 2. g3 Nf6 3. Bg2 c6 4. d4 Bf5 5. Nh4 Be6 6. O-O g6 7. b3 Bg7 8. Bb2
O-O 9. Nd2 a5 10. c4 Na6 11. Qc2 Rc8 12. Rac1 c5 13. dxc5 Rxc5 14. Bd4 Rc8 15.
Qb2 Nb4 16. cxd5 Rxc1 17. Rxc1 Bxd5 18. Nhf3 Nc6 19. Bc3 Ne8 20. Bxg7 Nxg7 21.
Nc4 Bxc4 22. bxc4 Qc7 23. Rb1 Ne6 24. Nd2 Rd8 25. h4 Ne5 26. Bd5 Nc5 27. Nf3
Nxf3+ 28. Bxf3 h5 29. Qc3 Rd6 30. Kg2 b6 31. Qe5 Qd8 32. Bd5 e6 33. Bf3 Rd2 34.
a3 Qd6 35. Qg5 Rd4 36. Qc1 Nd7 37. Qc3 Qc5 38. Qb2 Rxc4 39. Rd1 Qe5 40. Qb3 Rc7
41. Qa4 Nf6 42. Rb1 Qc5 43. Qb3 Nd7 44. Rd1 Kg7 45. Qb2+ Qe5 46. Qb3 b5 47. Rb1
Rc5 48. Qd3 Nf6 49. Qd8 a4 50. Qb6 Nd5 51. Qb7 Nc3 52. Rb4 Qc7 53. Qa6 Rc4 54.
Rb2 Qc5 55. Rd2 Rd4 56. Rxd4 Qxd4 57. Bc6 Qc5 58. Be8 Ne4 59. e3 Qc2 60. Kf3
Qd1+ 61. Kf4 Qg4+ 0-1